| 000 | 00679am a2200241a 44500 | ||
|---|---|---|---|
| 003 | AR-BaBNM | ||
| 005 | 20251128211134.0 | ||
| 008 | 132120s1997 #AR|||||||||||000 | esp|| | ||
| 020 | _a987-9216-12-1 | ||
| 040 | _cAR-BaBNM | ||
| 245 | 1 | 0 |
_aAsí es mi tierra _bla cálida vivión de la patria a través de sus más populares artistas |
| 260 |
_aBuenos Aires _bAmeghino Editora _c1997 |
||
| 300 | _a175 p. | ||
| 650 | 4 | _aLITERATURA ARGENTINA | |
| 650 | 4 | _aLITERATURA FOLKLORICA | |
| 650 | 4 | _aLITERATURA POPULAR | |
| 650 | 4 | _aFOLKLORE | |
| 650 | 4 | _aCOSTUMBRES Y TRADICIONES | |
| 650 | 4 | _aPATRIA | |
| 700 | 1 |
_aRocha, Suna _ecompilador |
|
| 942 | _cBK | ||
| 998 | _cmariana | ||
| 999 |
_c18412 _d18412 |
||